Kontrola kvality výrobného procesu
Enregistré dans:
| Auteur principal: | |
|---|---|
| Autres auteurs: | |
| Format: | Manuscrit Livre |
| Langue: | slovaque |
| Publié: |
2019
|
| Sujets: | |
| Accès en ligne: | http://is.stuba.sk/zp/portal_zp.pl?podrobnosti=137631 |
| Tags: |
Pas de tags, Soyez le premier à ajouter un tag!
|
MARC
| LEADER | 00000ntm a22000003a 4500 | ||
|---|---|---|---|
| 001 | stuzp72168 | ||
| 003 | SK-STU | ||
| 005 | 20190703140526.4 | ||
| 007 | ta | ||
| 008 | 150427s2015----xo-----f-mn---000-0-slo-d | ||
| 040 | |a STU |b slo | ||
| 041 | 0 | |a slo | |
| 044 | |a xo | ||
| 100 | 1 | |a Harman, Peter |u 031000 |4 aut |U FEI Fakulta elektrotechniky a informatiky |T FEI Ústav robotiky a kybernetiky |X 87866 |U E011 |Y 356 |7 87866 | |
| 242 | 0 | 1 | |a Quality control of production process |y eng |
| 245 | 1 | 0 | |a Kontrola kvality výrobného procesu |
| 260 | |c 2019 | ||
| 300 | |a 49 s., príl., |b CD-ROM | ||
| 650 | 4 | |a kvalita |2 slo | |
| 650 | 4 | |a výrobný proces |2 slo | |
| 650 | 4 | |a JavaScript |2 slo | |
| 650 | 4 | |a Symfony |2 slo | |
| 650 | 4 | |a PHP |2 slo | |
| 650 | 4 | |a PHP |2 eng | |
| 650 | 4 | |a JavaScript |2 eng | |
| 650 | 4 | |a Symfony |2 eng | |
| 650 | 4 | |a manufacturing process |2 eng | |
| 650 | 4 | |a quality |2 eng | |
| 700 | 1 | |a Duchoň, František |u 031000 |k Z1 |4 ths |U FEI Fakulta elektrotechniky a informatiky |T FEI Ústav robotiky a kybernetiky |X 10329 |U E011 |Y 356 |7 A000010329 | |
| 856 | 4 | |u http://is.stuba.sk/zp/portal_zp.pl?podrobnosti=137631 | |
| 996 | |b 284EP12244 |c E*DIPL- 12244 |l EE31 |s P |a 0 |w stuzp72168_0001 | ||